Statistics for Southern Islands Map Quiz

Click here to take the quiz!

General Stats

  • This quiz has been taken 202 times
  • The average score is 8 of 15

Answers on the Map

Answers color-coded by a green-red scale on the quiz's map according to % correct below.
 

Answer Stats

Answer% Correct
Falkland Islands
92%
Isla Grande de Tierra del Fuego
92%
Tasmania
87%
South Georgia Island
76%
South Sandwich Islands
75%
Bouvet Island
63%
Kerguelen Islands
55%
Heard Island and McDonald Islands
47%
Prince Edward Islands
40%
Auckland Islands
37%
Macquarie Island
32%
Crozet Islands
28%
Campbell Island
27%
Antipodes Island
26%
Bounty Islands
24%

Score Distribution

Percentile by Number Answered

Percent of People with Each Score

Your Score History

You have not taken this quiz